Mathematics of statistics / (Record no. 77488)

MARC details
000 -LEADER
fixed length control field 00642nam a22002177a 4500
005 - DATE AND TIME OF LATEST TRANSACTION
control field 20130902112437.0
010 ## - LCCN (DPL NO)
LC control number ENG-107907
020 ## - INTERNATIONAL STANDARD BOOK NUMBER
Terms of availability 285.00
International Standard Book Number 9788176710886
035 ## - SYSTEM CONTROL NUMBER
System control number EN-91440
037 ## - SOURCE OF ACQUISITION
Source of stock number/acquisition DBAD/PUB
082 ## - DEWEY DECIMAL CLASSIFICATION NUMBER
Classification number 519.5
100 ## - MAIN ENTRY--PERSONAL NAME
Personal name Kenney, J.F.
245 00 - TITLE STATEMENT
Title Mathematics of statistics /
Statement of responsibility, etc by J.F. Kenney [and] E.S. Keeping
250 ## - EDITION STATEMENT
Edition statement 2nd ed
260 ## - PUBLICATION, DISTRIBUTION, ETC. (IMPRINT)
Place of publication, distribution, etc New Delhi
Name of publisher, distributor, etc Affiliated East-West Press
Date of publication, distribution, etc (201?)
270 ## - ADDRESS
Address 105 Nirmal Tower,26 Barrakhamba Road
City New Delhi
Postal code 110001
300 ## - PHYSICAL DESCRIPTION
Extent xiii,429p.
Dimensions 24cm(pbk)
500 ## - GENERAL NOTE
General note Includes index
700 ## - ADDED ENTRY--PERSONAL NAME
Personal name Keeping, E.S.
942 ## - ADDED ENTRY ELEMENTS (KOHA)
Source of classification or shelving scheme Dewey Decimal Classification
Item type English Books
Call number suffix KEN
Classification part 519.5
Holdings
Withdrawn status Lost status Not for loan Collection code Home library Current library Date acquired Source of acquisition Cost, normal purchase price Full call number Barcode Copy number Cost, replacement price Koha item type
    Not For Loan Non-fiction D.B.Act.Division D.B.Act.Division 15/07/2013 DBAD/PUB 285.00 519.5 KEN EN-91440 1 285.00 English Books

© Delhi Public Library
Hit Counter
free hit counter